000 00968nam a2200229 a 4500
001 78692
003 BD-RjUL
005 20211209083149.0
008 211103s20191997bg ||||| |||| 00| 0 ben d
020 _a98483094504
_c: Tk. 300.00
035 _a(BD-RjUL)78918
040 _aBD-RjUL
_beng
_cBD-RjUL
041 _aben
082 _223
_a954.9205092
_bAHP 2019
100 _aআহমেদ, মমতাজউদ্দিন
_9249566
245 _aপ্রসঙ্গ বঙ্গবন্ধু প্রসঙ্গ বাংলাদেশ /
_cমমতাজউদ্দিন আহমেদ
260 _aঢাকা :
_bবিশ্বসাহিত্য ভবন,
_c১৯৯৭ [ প্রকাশ ২০১৯]
300 _a১৪৩ পৃ.;
_c২২ সেমি.
600 _aমুজিবুর রহমান, শেখ
_d১৯২০-১৯৭৫
_9249569
600 _a Mujibur Rahman, Sheikh,
_d1920-1975
_9249570
942 _2ddc
_cBK
999 _c78692
_d78692